CROSS-NEUTRALIZATION BETWEEN VESICULAR STOMATITIS VIRUS TYPE INDIANA AND CHANDIPURA VIRUS

Bibliographic Details
Main Authors: Dragúňová, J. (Author), Závada, J. (Author)
Format: Article
Language:English

MARC

LEADER 00000nab a2200000uu 4500
001 vtls011455881
003 SK-MaSNL
005 20260303151509.0
008 230222|1979 xo |||||||||||||||||eng|
015 |a SNBRB 
035 |a (urnnbn)urn:nbn:sk:snk:ar-a080jy 
035 |a (uuid)1aea0731-44b9-4f03-8b23-4329f5915258 
035 |a urn:nbn:sk:snk-abcqts 
040 |a SNKBUCL  |b slo  |c SNKBUCL  |e AACR2 
041 0 |a eng 
044 |a xo  |c SK 
100 1 |a Dragúňová, J.  |4 aut  |9 1139441 
245 1 0 |a CROSS-NEUTRALIZATION BETWEEN VESICULAR STOMATITIS VIRUS TYPE INDIANA AND CHANDIPURA VIRUS  |c J. Dragúňová, J. Závada 
700 1 |a Závada, J.  |4 aut  |9 927367 
773 0 |t Acta virologica  |g Roč. 23, č. 4 (1979), s. 319-[352a] 
958 |a OND 
958 |a EUIPO 
958 |a article16 
999 |c 2017951  |d 2019881